| 000 | 01623nam a22002537a 4500 | ||
|---|---|---|---|
| 999 |
_c57853 _d57853 |
||
| 003 | Ge_BSU | ||
| 005 | 20210317170738.0 | ||
| 008 | 210317s2019 ge ||||| |||| 00| 0 geo d | ||
| 020 | _a 9789941808197 | ||
| 041 | _ageo | ||
| 080 | _a821.353.1-1 ა-85 | ||
| 100 |
_aარძენაძე, გურამ _910524 |
||
| 245 |
_aშუქბადრი სხივი მარადისობის : _b(რჩეული) / _cგურამ არძენაძე (არსენაძე) ; რედაქტორი ოთარ ფუტკარაძე ; წინასიტყვაობა ჯემალ ჯაყელი ; დიზაინერი მაია ჯაველიძე. |
||
| 264 |
_aბათუმი, _c2019. |
||
| 300 |
_a326 გვ. ; _b21 სმ. |
||
| 500 | _aეძღვნება შვილიშვილების - ანუკისა და ნინის ნათელ მომავალს. წიგნი გამოიცა ამირან ბარამიძის ფინანსური დახმარებითა და მხარდაჭერით. | ||
| 653 | _aქართული პოეზია | ||
| 653 | _aპოემები | ||
| 653 | _aლექსები | ||
| 700 |
_aჯაყელი, ჯემალ _eწინასიტყვაობის ავტორი. _94313 |
||
| 700 |
_aფუტკარაძე, ოთარ _eრედაქტორი. _91700 |
||
| 700 |
_aჯაველიძე, მაია _eდიზაინერი _910525 |
||
| 942 |
_2udc _cBK |
||